Atlas escolar del cuerpo humano (Registro nro. 5028)
[ vista simple ]
| 000 -Cabecera | |
|---|---|
| Campo de control de longitud fija | 00891aam a2200337 4500 |
| 005 - Fecha y hora de la última transacción | |
| Campo de control | 20241007084750.0 |
| 008 - Elementos de longitud fija--Información general | |
| Campo de control de longitud fija | 150427b2007 ag ||||| |||| 00| 0 spa d |
| 020 ## - International Standard Book Number | |
| Número Internacional Estándar del Libro (ISBN) | 9789875224841 |
| 041 ## - Idioma | |
| Código de idioma | Español |
| 082 ## - Clasificación Decimal Dewey | |
| Número de clasificación | 611 A881ac |
| 245 ## - Título propiamente dicho | |
| Título | Atlas escolar del cuerpo humano |
| 260 ## - Pie de imprenta | |
| Lugar de publicación, distribución, etc. | Argentina |
| 260 ## - Pie de imprenta | |
| Nombre del editor, distribuidor, etc. | Visor Enciclopedias Audiovisuales |
| 260 ## - Pie de imprenta | |
| Fecha de publicación, distribución, etc. | 2007 |
| 300 ## - Descripción física | |
| Extensión | 61 páginas |
| 300 ## - Descripción física | |
| Otras características físicas | Ilustraciones a color |
| 650 ## - Materia general | |
| Temática (materia general) | ANATOMÍA HUMANA |
| 650 ## - Materia general | |
| Temática (materia general) | CÉLULAS Y TEJIDOS |
| 650 ## - Materia general | |
| Temática (materia general) | SISTEMA ÓSEO |
| 650 ## - Materia general | |
| Temática (materia general) | SISTEMA MUSCULAR |
| 650 ## - Materia general | |
| Temática (materia general) | SISTEMA RESPIRATORIO |
| 650 ## - Materia general | |
| Temática (materia general) | SISTEMA CIRCULATORIO |
| 650 ## - Materia general | |
| Temática (materia general) | SISTEMA DIGESTIVO |
| 650 ## - Materia general | |
| Temática (materia general) | SISTEMA URINARIO |
| 650 ## - Materia general | |
| Temática (materia general) | REPRODUCCIÓN |
| 650 ## - Materia general | |
| Temática (materia general) | DESARROLLO DEL EMBRIÓN |
| 650 ## - Materia general | |
| Temática (materia general) | GESTACIÓN |
| 650 ## - Materia general | |
| Temática (materia general) | SISTEMA NERVIOSO CENTRAL |
| 650 ## - Materia general | |
| Temática (materia general) | SISTEMA ENDOCRINO |
| 942 ## - Punto de acceso adicional KOHA | |
| Tipo de ítem KOHA | Libro |
| Fuente del sistema de clasificación o colocación | Dewey Decimal Classification |
| Signatura completa | Código de barras | Tipo de ítem |
|---|---|---|
| 611 A881ac | 16502 | Libro |